| 000 | 01005cam a2200361 4500 | ||
|---|---|---|---|
| 001 | 3134187 | ||
| 003 | OSt | ||
| 005 | 20140310182257.0 | ||
| 008 | 730713s1973 nyua j 000 1 eng | ||
| 010 | _a 72085916 | ||
| 020 | _a0590433199 | ||
| 040 |
_aDLC _cDLC _dDLC |
||
| 042 | _alcac | ||
| 050 | 0 | 0 |
_aPZ 7 _b.C7878 1939 |
| 082 | 0 | 0 |
_aFIC _bC78d 1973 |
| 100 | 1 |
_aCooper, Susan, _d1935- _920449 |
|
| 245 | 1 | 4 |
_aThe dark is rising / _cSusan Cooper. |
| 250 | _a[1st ed.] | ||
| 260 |
_aNew York : _bAtheneum, _c1973. |
||
| 300 |
_a216 p. : _c17 cm. |
||
| 350 | _a$5.95 | ||
| 490 | 0 | _aThe Dark is rising sequence | |
| 650 | 1 |
_aFantasy. _93293 |
|
| 650 | 1 |
_aGood and evil _vFiction. _920450 |
|
| 651 | 1 |
_aEngland _vFiction. _920451 |
|
| 655 | 7 |
_aJuvenile literature _y1973. _2rbgenr _920452 |
|
| 700 | 1 |
_aCober, Alan E., _eillus. _920453 |
|
| 906 |
_a7 _bcbc _corignew _d2 _eopcn _f19 _gy-gencatlg |
||
| 942 |
_2lcc _cBK-FIC |
||
| 999 |
_c11512 _d11512 |
||